Macroeconomics : theory and policy

Αποθηκεύτηκε σε:
Λεπτομέρειες βιβλιογραφικής εγγραφής
Κύριος συγγραφέας: Glahe, Fred R.
Μορφή: Βιβλίο
Γλώσσα:English
Δημοσίευση: San Diego : Harcourt Brace Jovanovich, c1985
Έκδοση:3rd ed.
Θέματα:
Ετικέτες: Προσθήκη ετικέτας
Δεν υπάρχουν, Καταχωρήστε ετικέτα πρώτοι!

MARC

LEADER 00000nam a2200000 i 4500
001 1/57593
008 950809s1985 eng d
020 |a 0155512684 
035 |l 10028219 
040 |a GR-MY-UA  |b gre  |e aacr 
041 0 |a eng 
082 0 |a 339.5  |2 (19) 
100 1 |a Glahe, Fred R. 
245 1 0 |a Macroeconomics :  |b theory and policy /  |c Fred R. Glahe 
246 3 3 |a Macro economics 
250 |a 3rd ed. 
260 |a San Diego :   |b Harcourt Brace Jovanovich,   |c c1985 
300 |a xii, 516 σ.;  |b εικ.;  |c 25 εκ. 
504 |a Περιλαμβάνει βιβλιογραφία και ευρετήριο 
650 0 0 |a Macroeconomics. 
852 |a INST  |b CHIOS  |e 19950809  |h 339.5 GLA  |p 005200001260  |q 005200001260  |t BK  |y 0 
852 |a INST  |b CHIOS  |e 19960503  |h 339.5 GLA  |p 005200005213  |q 005200005213  |t BK  |y 0 
909 |a Χ  |b 013254 
909 |a Χ  |b 005287